Países europeos - "Ahorcado" aleatorio - Estadísticas

Estadísticas generales
  • Esta prueba ha sido intentada 22.782 veces
  • La puntuación promedio es 5 de 7
Estadísticas de respuestas
Letra % Correcto
A
98%
A
98%
A
97%
A
97%
A
97%
A
97%
A
97%
A
97%
A
96%
A
96%
A
96%
A
96%
A
96%
A
95%
A
95%
A
95%
A
94%
A
94%
A
94%
A
94%
A
94%
A
94%
A
91%
E
85%
L
85%
É
81%
E
81%
S
80%
E
79%
N
79%
I
78%
B
76%
N
72%
I
71%
O
68%
I
67%
I
66%
I
65%
N
64%
T
64%
I
62%
I
61%
I
61%
N
61%
R
61%
R
61%
I
60%
O
59%
S
59%
I
58%
L
58%
O
58%
Í
57%
R
57%
L
56%
D
55%
R
55%
L
54%
N
54%
I
52%
N
52%
P
52%
L
51%
R
51%
R
51%
T
51%
C
50%
N
50%
O
50%
R
50%
U
50%
M
49%
N
49%
O
49%
R
49%
B
48%
O
48%
O
48%
R
47%
U
47%
T
46%
C
45%
F
45%
G
45%
D
44%
N
42%
R
42%
C
41%
C
41%
N
41%
U
41%
C
40%
U
40%
U
37%
N
36%
G
32%
G
27%
H
27%
No se encontraron pruebas coincidentes
Distribución de puntuación
Porcentaje de gente con cada puntuación
Porcentaje por número respondido
Historial de tus puntuaciones
No has intentado esta prueba.